[Event "80th POL-ch"]
[Site "Warszawa POL"]
[Date "2023.04.12"]
[Round "1.1"]
[White "Kulon, Klaudia"]
[Black "Kiolbasa, Oliwia"]
[Result "1-0"]
[WhiteElo "2317"]
[BlackElo "2429"]
[EventDate "2023.04.12"]
[PlyCount "89"]
1.d4 d5 2.Nf3 e6 3.Bf4 Nf6 4.e3 c5 5.Nbd2 Bd6 6.c3 O-O 7.Bd3 Qc7 8.Bxd6 
Qxd6 9.Ne5 b6 10.f4 Ba6 11.Bc2 Nc6 12.g4 Nd7 13.g5 Ndxe5 14.fxe5 Qe7 15.
Qh5 g6 16.Qg4 Rac8 17.a3 Qd8 18.h4 cxd4 19.exd4 Ne7 20.h5 Nf5 21.Qf4 Rc7 
22.Nf3 Ng7 23.Kd2 Qd7 24.Rae1 Rfc8 25.Kc1 Bb5 26.Re3 Ba4 27.Bb1 Qb5 28.Nd2
a5 29.hxg6 fxg6 30.Rxh7 Kxh7 31.Qf6 Kg8 32.Bxg6 Nh5 33.Qxe6+ Kg7 34.Bxh5 
Rf8 35.Qg6+ Kh8 36.Be2 Qd7 37.Bd3 Qg4 38.Qh6+ Kg8 39.Re1 Rg7 40.Rh1 Rf2 
41.e6 Kf8 42.e7+ Kf7 43.Bg6+ Rxg6 44.Qf8+ Ke6 45.Qc8+ 1-0

[Event "80th POL-ch"]
[Site "Warszawa POL"]
[Date "2023.04.12"]
[Round "1.2"]
[White "Zawadzka, Jolanta"]
[Black "Malcewska, Aleksandra"]
[Result "1-0"]
[WhiteElo "2350"]
[BlackElo "2410"]
[EventDate "2023.04.12"]
[PlyCount "81"]
1.e4 c5 2.Nf3 g6 3.d4 cxd4 4.Qxd4 Nf6 5.Nc3 Nc6 6.Qa4 d6 7.e5 dxe5 8.Nxe5 
Bd7 9.Nxd7 Qxd7 10.Be3 Bg7 11.Rd1 Qg4 12.Qb3 O-O 13.h3 Qb4 14.Be2 Qxb3 15.
axb3 Nb4 16.Rd2 Rfd8 17.Bf3 Rxd2 18.Kxd2 Rd8+ 19.Kc1 b6 20.Rd1 Rxd1+ 21.
Kxd1 Nd7 22.Nb5 a6 23.c3 axb5 24.cxb4 Bxb2 25.Bc6 Nf8 26.Bxb6 Ne6 27.Bxb5 
Bc3 28.Bc4 Bxb4 29.Bxe6 fxe6 30.Ke2 Kf7 31.Kd3 Ke8 32.Kc4 Bd6 33.Kb5 Kd7 
34.Ba5 e5 35.b4 e4 36.Ka6 Kc6 37.b5+ Kd5 38.Bd2 Ke6 39.b6 Kd7 40.Be3 Kc6 
41.Ka7 1-0

[Event "80th POL-ch"]
[Site "Warszawa POL"]
[Date "2023.04.12"]
[Round "1.3"]
[White "Goraj, Barbara"]
[Black "Sliwicka, Alicja"]
[Result "0-1"]
[WhiteElo "2141"]
[BlackElo "2289"]
[EventDate "2023.04.12"]
[PlyCount "104"]
1.e4 e5 2.Nf3 Nc6 3.Bc4 Nf6 4.d3 Be7 5.O-O O-O 6.Re1 d6 7.c3 Na5 8.Bb5 a6 
9.Ba4 b5 10.Bc2 c5 11.Nbd2 Nc6 12.a4 Rb8 13.axb5 axb5 14.Nf1 d5 15.exd5 
Qxd5 16.Bb3 Qd6 17.Nxe5 Nxe5 18.Bf4 Nfg4 19.d4 cxd4 20.Qxd4 Qxd4 21.cxd4 
Bb4 22.Rec1 Bd6 23.dxe5 Bxe5 24.Bxe5 Nxe5 25.Rc7 Rb7 26.Ra7 Rxa7 27.Rxa7 
Nd3 28.Ne3 Nxb2 29.Nd5 Nc4 30.Ra8 Nd6 31.Rb8 Re8 32.f3 Bb7 33.Rxe8+ Nxe8 
34.Nc3 Nd6 35.Kf2 Kf8 36.Ke3 Ke7 37.Kd4 Nf5+ 38.Ke5 Ne3 39.Nxb5 Nxg2 40.
Bxf7 Nh4 41.Bg8 Nxf3+ 42.Kf4 h6 43.Kg3 g5 44.Bb3 Nd2 45.Bd1 Ne4+ 46.Kg4 
Nf2+ 47.Kh5 Nxd1 48.Nd4 Ne3 49.Kxh6 Kf6 50.Kh5 Bd5 51.Nb5 Bf7+ 52.Kh6 Bg6 
0-1

[Event "80th POL-ch"]
[Site "Warszawa POL"]
[Date "2023.04.12"]
[Round "1.4"]
[White "Antolak, Julia"]
[Black "Kaszlinska, Alina"]
[Result "1/2-1/2"]
[WhiteElo "2245"]
[BlackElo "2483"]
[EventDate "2023.04.12"]
[PlyCount "63"]
1.d4 Nf6 2.c4 g6 3.Nc3 Bg7 4.e4 d6 5.Be2 O-O 6.Be3 c5 7.e5 dxe5 8.dxe5 
Qxd1+ 9.Rxd1 Ng4 10.Bxc5 Nxe5 11.Nd5 Nbc6 12.b3 Bf5 13.Nf3 Nxf3+ 14.Bxf3 
Rac8 15.O-O Rfe8 16.Ne3 Be6 17.Bd5 Bxd5 18.cxd5 Ne5 19.Bxa7 Ra8 20.Bd4 
Rxa2 21.Rfe1 Rc8 22.Kf1 Nd7 23.Bxg7 Kxg7 24.Rc1 Rd8 25.Rc7 Nf6 26.Rxb7 
Nxd5 27.Nxd5 Rxd5 28.Rbxe7 Rb2 29.R7e3 Rb5 30.g3 R5xb3 31.Rxb3 Rxb3 32.Kg2
1/2-1/2

[Event "80th POL-ch"]
[Site "Warszawa POL"]
[Date "2023.04.12"]
[Round "1.5"]
[White "Socko, Monika"]
[Black "Rudzinska, Michalina"]
[Result "0-1"]
[WhiteElo "2440"]
[BlackElo "2244"]
[EventDate "2023.04.12"]
[PlyCount "122"]
1.d4 Nf6 2.c4 e5 3.dxe5 Ng4 4.Bf4 Nc6 5.Nf3 Bb4+ 6.Nc3 Bxc3+ 7.bxc3 Qe7 8.
Qd5 f6 9.exf6 Nxf6 10.Qb5 Ne4 11.Rc1 d6 12.e3 O-O 13.Be2 Nc5 14.Bg5 Qe8 
15.O-O Bg4 16.Bh4 a6 17.Qb1 Ne5 18.Bg3 Nxf3+ 19.gxf3 Bxf3 20.Bxf3 Rxf3 21.
Rcd1 Qc6 22.Rd4 Raf8 23.Rh4 g6 24.Rd1 R3f5 25.Rdd4 Ne6 26.Rhg4 Nxd4 27.
cxd4 Qxc4 28.Qxb7 Rb5 29.Qe4 Kg7 30.Rf4 Rxf4 31.Bxf4 g5 32.Bg3 Qxa2 33.Qc6
Qf7 34.Qxa6 Rb1+ 35.Kg2 Qd5+ 36.Kh3 h5 37.Qc8 Rc1 38.f4 h4 39.Bf2 Qf3+ 40.
Bg3 Qd5 41.Qd7+ Qf7 42.Qg4 hxg3 43.Qxg5+ Kh8 44.Qd8+ Qg8 45.Qf6+ Qg7 46.
Qd8+ Kh7 47.hxg3 Qh6+ 48.Kg4 Qg6+ 49.Kf3 Qh5+ 50.Ke4 Qf7 51.f5 Rh1 52.g4 
c5 53.Qxd6 cxd4 54.Qxd4 Rg1 55.Kf4 Rf1+ 56.Kg3 Qc7+ 57.Kg2 Rc1 58.Qe4 Rc4 
59.Qf3 Rc2+ 60.Kf1 Rd2 61.Qh1+ Rh2 0-1

[Event "80th POL-ch"]
[Site "Warszawa POL"]
[Date "2023.04.13"]
[Round "2.1"]
[White "Kaszlinska, Alina"]
[Black "Socko, Monika"]
[Result "1/2-1/2"]
[WhiteElo "2483"]
[BlackElo "2440"]
[EventDate "2023.04.12"]
[PlyCount "73"]
1.d4 Nf6 2.c4 e6 3.Nc3 Bb4 4.Qc2 d6 5.e3 O-O 6.Nf3 c5 7.dxc5 Bxc5 8.a3 d5 
9.b4 Be7 10.Bb2 a5 11.b5 Nbd7 12.cxd5 exd5 13.Be2 Nb6 14.h3 Be6 15.Nd4 Rc8
16.Qb3 Nc4 17.Bxc4 Rxc4 18.O-O Qd6 19.Rad1 Rfc8 20.Rc1 Bd8 21.Qd1 Bc7 22.
Nf3 Ne4 23.Ne2 Ng5 24.Ng3 Qe7 25.Rxc4 dxc4 26.Nxg5 Qxg5 27.Ne4 Qg6 28.Qf3 
Rd8 29.Nc5 Bd5 30.e4 Qd6 31.Re1 Qxc5 32.exd5 f6 33.Qg4 c3 34.Bxc3 Qxc3 35.
Qe6+ Kf8 36.Qe7+ Kg8 37.Qe6+ 1/2-1/2

[Event "80th POL-ch"]
[Site "Warszawa POL"]
[Date "2023.04.13"]
[Round "2.2"]
[White "Kiolbasa, Oliwia"]
[Black "Rudzinska, Michalina"]
[Result "0-1"]
[WhiteElo "2429"]
[BlackElo "2244"]
[EventDate "2023.04.12"]
[PlyCount "110"]
1.e4 c6 2.d4 d5 3.e5 Bf5 4.h4 h6 5.g4 Be4 6.f3 Bh7 7.e6 Qd6 8.exf7+ Kxf7 
9.f4 Nf6 10.Nf3 Nxg4 11.Bh3 h5 12.Ne5+ Ke8 13.Bxg4 hxg4 14.Qxg4 Be4 15.
Qc8+ Qd8 16.Qxb7 Nd7 17.Rh2 Rc8 18.Qxd7+ Qxd7 19.Nxd7 Kxd7 20.Nc3 Bf5 21.
Be3 e6 22.O-O-O Be7 23.Rg1 g6 24.Bf2 Rh7 25.Na4 Rch8 26.Nc5+ Kc7 27.Re1 
Bd6 28.Rg2 Bxf4+ 29.Kb1 Re8 30.Nd3 Bd6 31.Ne5 Bxe5 32.Rxe5 Be4 33.Rg1 Rf8 
34.Bg3 Kd7 35.Kc1 Rhf7 36.Rg5 Rf1+ 37.Rxf1 Rxf1+ 38.Kd2 Rb1 39.Kc3 Rc1 40.
Be5 Rxc2+ 41.Kb3 c5 42.dxc5 Rc4 43.Ka3 Bc2 44.b4 Kc6 45.h5 gxh5 46.Rxh5 d4
47.Rh4 Kd5 48.Bf6 Bf5 49.Rh8 d3 50.Rd8+ Ke4 51.Ka4 e5 52.Bg5 Rd4 53.Kb3 
Rxd8 54.Bxd8 d2 55.Kc2 Ke3+ 0-1

[Event "80th POL-ch"]
[Site "Warszawa POL"]
[Date "2023.04.13"]
[Round "2.3"]
[White "Kulon, Klaudia"]
[Black "Zawadzka, Jolanta"]
[Result "1/2-1/2"]
[WhiteElo "2317"]
[BlackElo "2350"]
[EventDate "2023.04.12"]
[PlyCount "67"]
1.c4 c5 2.g3 g6 3.Bg2 Bg7 4.Nc3 Nc6 5.Nf3 e6 6.O-O Nge7 7.e4 O-O 8.Ne1 b6 
9.d3 Bb7 10.Bf4 Ne5 11.Qe2 h6 12.Nc2 d6 13.Rad1 Rc8 14.b3 N7c6 15.Be3 f5 
16.h3 Qe7 17.exf5 gxf5 18.f4 Ng6 19.d4 Kh7 20.Rfe1 cxd4 21.Nxd4 Nxd4 22.
Bxd4 Bxg2 23.Qxg2 Nxf4 24.Qf1 Ng6 25.Bxg7 Kxg7 26.Nb5 Rcd8 27.Qd3 f4 28.
Nxd6 Qf6 29.Qf3 e5 30.Qb7+ Kg8 31.Qd5+ Kg7 32.Qb7+ Kg8 33.Qd5+ Kg7 34.Qb7+
1/2-1/2

[Event "80th POL-ch"]
[Site "Warszawa POL"]
[Date "2023.04.13"]
[Round "2.4"]
[White "Malcewska, Aleksandra"]
[Black "Goraj, Barbara"]
[Result "1-0"]
[WhiteElo "2410"]
[BlackElo "2141"]
[EventDate "2023.04.12"]
[PlyCount "101"]
1.e4 c5 2.Nf3 Nc6 3.d4 cxd4 4.Nxd4 Nf6 5.Nc3 d6 6.a4 e5 7.Ndb5 a6 8.Na3 
Be6 9.Bc4 Be7 10.O-O O-O 11.Re1 Nb4 12.Nd5 Nbxd5 13.exd5 Bg4 14.Be2 Bxe2 
15.Rxe2 Nd7 16.b4 f5 17.Rb1 e4 18.Bf4 g5 19.Be3 Qe8 20.c4 Qh5 21.c5 Ne5 
22.Rc2 Qh4 23.Bd4 Nd3 24.c6 bxc6 25.dxc6 d5 26.c7 Bxb4 27.Rxb4 Nxb4 28.Bc5
Nxc2 29.Qxd5+ Kg7 30.Bxf8+ Rxf8 31.Qd7+ Kg6 32.Nxc2 Qf4 33.Ne3 Qe5 34.c8=Q
Rxc8 35.Qxc8 Qa1+ 36.Nf1 Qxa4 37.Qe6+ Kg7 38.Qxf5 h6 39.g4 a5 40.Ng3 Qd1+ 
41.Kg2 a4 42.Qxe4 Qd7 43.Nh5+ Kf8 44.Qf3+ Qf7 45.Qa3+ Kg8 46.Qxa4 Qd5+ 47.
f3 Qd2+ 48.Kh3 Qe2 49.Qa8+ Kf7 50.Qb7+ Kf8 51.Qg7+ 1-0

[Event "80th POL-ch"]
[Site "Warszawa POL"]
[Date "2023.04.13"]
[Round "2.5"]
[White "Sliwicka, Alicja"]
[Black "Antolak, Julia"]
[Result "1/2-1/2"]
[WhiteElo "2289"]
[BlackElo "2245"]
[EventDate "2023.04.12"]
[PlyCount "74"]
1.e4 e5 2.Nf3 Nc6 3.Bb5 a6 4.Ba4 Nf6 5.O-O b5 6.Bb3 Be7 7.d3 d6 8.a3 O-O 
9.Nc3 Bb7 10.Nd5 Nxd5 11.Bxd5 Qc8 12.Ng5 Bxg5 13.Bxg5 Nd4 14.Ba2 Ne6 15.f4
exf4 16.Bxf4 Qd8 17.Qh5 Qf6 18.Bc1 Qe5 19.Qxe5 dxe5 20.Rf5 Nd4 21.Rf2 Rae8
22.Be3 Bc8 23.c3 Ne6 24.d4 Nd8 25.d5 Nb7 26.Re1 Nd6 27.Bc5 f5 28.exf5 Bxf5
29.c4 Bd3 30.cxb5 axb5 31.Be3 e4 32.Bf4 Rf7 33.Bb3 Ref8 34.Bg3 Rxf2 35.
Bxf2 Nc4 36.Bxc4 Bxc4 37.Rxe4 Bxd5 1/2-1/2

[Event "80th POL-ch"]
[Site "Warszawa POL"]
[Date "2023.04.14"]
[Round "3.1"]
[White "Zawadzka, Jolanta"]
[Black "Kiolbasa, Oliwia"]
[Result "0-1"]
[WhiteElo "2350"]
[BlackElo "2429"]
[EventDate "2023.04.12"]
[PlyCount "48"]
1.e4 e5 2.Nf3 Nc6 3.Bc4 Nf6 4.Ng5 d5 5.exd5 Na5 6.Bb5+ c6 7.dxc6 bxc6 8.
Bd3 Bd6 9.Ne4 Nxe4 10.Bxe4 f5 11.Bf3 e4 12.Bh5+ g6 13.Be2 Qg5 14.O-O f4 
15.Re1 O-O 16.d3 e3 17.Rf1 Bh3 18.Bf3 Bxg2 19.h4 Qxh4 20.Kxg2 Rf5 21.Nc3 
Rg5+ 22.Bg4 f3+ 23.Kxf3 Qxg4+ 24.Kxe3 Bf4+ 0-1

[Event "80th POL-ch"]
[Site "Warszawa POL"]
[Date "2023.04.14"]
[Round "3.2"]
[White "Socko, Monika"]
[Black "Sliwicka, Alicja"]
[Result "0-1"]
[WhiteElo "2440"]
[BlackElo "2289"]
[EventDate "2023.04.12"]
[PlyCount "116"]
1.d4 d5 2.c4 e6 3.Nc3 Nf6 4.cxd5 exd5 5.Bg5 c6 6.e3 h6 7.Bh4 Be7 8.Bd3 O-O
9.Qc2 Re8 10.Nge2 Nbd7 11.h3 Ne4 12.Bxe7 Qxe7 13.Bxe4 dxe4 14.O-O Nf6 15.
Rfd1 b6 16.d5 c5 17.Qa4 Qe5 18.Rd2 Bb7 19.Rad1 a6 20.Qc4 Qd6 21.a4 Re5 22.
Ng3 Rae8 23.Rb1 a5 24.Rbd1 h5 25.Nge2 h4 26.Nb5 Qd7 27.d6 Ba6 28.Nec3 Bxb5
29.Nxb5 Rd8 30.Qb3 Qc6 31.d7 c4 32.Qc3 Re7 33.Rd6 Qc5 34.Qc2 Qb4 35.Kh2 
Rdxd7 36.Rxd7 Rxd7 37.Rxd7 Nxd7 38.Qxe4 Qxb2 39.Qxh4 Qe5+ 40.g3 c3 41.Qd8+
Nf8 42.Qd3 Qf6 43.f4 Qc6 44.Nxc3 Ne6 45.e4 Qc5 46.Kg2 Qb4 47.Kf3 Nc5 48.
Qe3 Nxa4 49.Nd5 Qb1 50.f5 Nc5 51.h4 a4 52.f6 Qd3 53.Nb4 Qf1+ 54.Kg4 Qxf6 
55.Nd5 Qe6+ 56.Kf3 a3 57.Nc3 a2 58.Qc1 Nb3 0-1

[Event "80th POL-ch"]
[Site "Warszawa POL"]
[Date "2023.04.14"]
[Round "3.3"]
[White "Antolak, Julia"]
[Black "Malcewska, Aleksandra"]
[Result "1-0"]
[WhiteElo "2245"]
[BlackElo "2410"]
[EventDate "2023.04.12"]
[PlyCount "53"]
1.d4 Nf6 2.c4 c5 3.d5 b5 4.cxb5 a6 5.e3 g6 6.Nc3 Bg7 7.a4 O-O 8.e4 e6 9.e5
Nxd5 10.Nxd5 exd5 11.Qxd5 Ra7 12.Nf3 d6 13.Bg5 Qe8 14.Qxd6 Bg4 15.Qxc5 Rd7
16.Be2 axb5 17.O-O bxa4 18.Bb5 Bxf3 19.gxf3 Qe6 20.Bxd7 Nxd7 21.Qd6 Qf5 
22.Bf6 Bxf6 23.exf6 Ne5 24.Rxa4 Re8 25.Rfa1 Nxf3+ 26.Kh1 Ne1 27.Qc6 1-0

[Event "80th POL-ch"]
[Site "Warszawa POL"]
[Date "2023.04.14"]
[Round "3.4"]
[White "Rudzinska, Michalina"]
[Black "Kaszlinska, Alina"]
[Result "1/2-1/2"]
[WhiteElo "2244"]
[BlackElo "2483"]
[EventDate "2023.04.12"]
[PlyCount "185"]
1.e4 e5 2.Nf3 Nc6 3.Bb5 Nf6 4.O-O Nxe4 5.Re1 Nd6 6.a4 Be7 7.Nc3 a6 8.Bf1 
e4 9.Nxe4 Nxe4 10.Rxe4 d5 11.Re1 O-O 12.d4 Bd6 13.h3 Bf5 14.Bd3 Qd7 15.Ne5
Bxe5 16.dxe5 Nb4 17.Bxf5 Qxf5 18.Re2 Rfe8 19.f4 d4 20.g4 Qg6 21.f5 Qb6 22.
Kh2 d3 23.cxd3 Qd4 24.Re4 Qf2+ 25.Kh1 Nc6 26.Bf4 Rad8 27.Qe2 Qxe2 28.Rxe2 
Rxd3 29.Kg2 Nd4 30.Re4 c5 31.Rc1 b6 32.Rc3 Rd1 33.a5 Rb1 34.axb6 Rxb2+ 35.
Kf1 Rxb6 36.Rxc5 Nc6 37.Rec4 Ne7 38.Rd4 h5 39.Rc7 hxg4 40.hxg4 Nc6 41.e6 
Nxd4 42.exf7+ Kf8 43.fxe8=Q+ Kxe8 44.Rxg7 Nxf5 45.gxf5 Rb5 46.Ke2 Rxf5 47.
Ke3 Rf7 48.Rg8+ Kd7 49.Ra8 a5 50.Rxa5 Kc6 51.Ke4 Rd7 52.Be3 Rd1 53.Rc5+ 
Kd6 54.Rb5 Ke6 55.Ra5 Kd7 56.Bd4 Kc6 57.Ra6+ Kb5 58.Rb6+ Kc4 59.Rc6+ Kb5 
60.Rc8 Rh1 61.Kd5 Rh5+ 62.Be5 Rg5 63.Rb8+ Ka5 64.Kd4 Ka6 65.Rb1 Rh5 66.Ke4
Rg5 67.Kd5 Ka5 68.Re1 Kb5 69.Rh1 Rf5 70.Kd4 Rg5 71.Rb1+ Kc6 72.Ke4 Kc5 73.
Bd4+ Kc4 74.Rc1+ Kb5 75.Rc7 Rh5 76.Kd3 Rg5 77.Rb7+ Kc6 78.Rb6+ Kd7 79.Ke4 
Rh5 80.Be5 Rh1 81.Kd5 Rd1+ 82.Bd4 Rd2 83.Rb7+ Kd8 84.Ra7 Rd1 85.Ke5 Kc8 
86.Bc5 Rd7 87.Ra1 Kc7 88.Rc1 Rh7 89.Bd4+ Kd7 90.Kd5 Rh2 91.Rd1 Rg2 92.Be5 
Re2 93.Bd4 1/2-1/2

[Event "80th POL-ch"]
[Site "Warszawa POL"]
[Date "2023.04.14"]
[Round "3.5"]
[White "Goraj, Barbara"]
[Black "Kulon, Klaudia"]
[Result "1-0"]
[WhiteElo "2141"]
[BlackElo "2317"]
[EventDate "2023.04.12"]
[PlyCount "117"]
1.d4 Nf6 2.c4 Nc6 3.Nf3 e6 4.Nc3 Bb4 5.a3 Bxc3+ 6.bxc3 d6 7.Qc2 e5 8.e4 
O-O 9.Bd3 Bg4 10.Be3 Bxf3 11.gxf3 Nh5 12.Rg1 Qf6 13.Bg5 Qg6 14.O-O-O f6 
15.Be3 Qe8 16.h4 Na5 17.Rg4 b6 18.Rdg1 Kh8 19.f4 c5 20.d5 a6 21.f5 b5 22.
Qe2 Rf7 23.Rg6 Nf4 24.Bxf4 exf4 25.Qg4 Raa7 26.Qxf4 bxc4 27.Bc2 Rfb7 28.h5
Nb3+ 29.Kd1 Na1 30.R6g4 Nxc2 31.Kxc2 Qa4+ 32.Kd2 Rb2+ 33.Ke1 Qc2 34.Kf1 
Re7 35.Qf3 Reb7 36.Kg2 Qd3 37.Qf4 Qxc3 38.Rg3 Qe5 39.Qxe5 fxe5 40.Rc1 R7b3
41.Rxc4 Rxg3+ 42.Kxg3 Rb3+ 43.Kg4 Rxa3 44.f4 exf4 45.Kxf4 Rh3 46.Ra4 Kg8 
47.Rxa6 Rh4+ 48.Kf3 Rxh5 49.Rxd6 Kf7 50.Rc6 Rh1 51.Kf4 h5 52.d6 Rd1 53.
Rc7+ Ke8 54.Ke5 Re1 55.Rxg7 h4 56.d7+ Kd8 57.Kd6 Rd1+ 58.Kc6 h3 59.f6 1-0

[Event "80th POL-ch"]
[Site "Warszawa POL"]
[Date "2023.04.15"]
[Round "4.1"]
[White "Sliwicka, Alicja"]
[Black "Rudzinska, Michalina"]
[Result "1/2-1/2"]
[WhiteElo "2289"]
[BlackElo "2244"]
[EventDate "2023.04.12"]
[PlyCount "105"]
1.e4 c6 2.d4 d5 3.e5 Bf5 4.h4 h5 5.Bd3 Bxd3 6.Qxd3 Qa5+ 7.Nd2 e6 8.Nf3 Nh6
9.O-O Nf5 10.Nb3 Qb5 11.Qd1 c5 12.dxc5 Bxc5 13.a4 Qb6 14.a5 Qb5 15.Nxc5 
Qxc5 16.Re1 Nc6 17.Ra4 d4 18.c4 Rd8 19.b3 Nce7 20.Qd3 O-O 21.Ba3 Qc7 22.
Ng5 Rfe8 23.Re4 Nc6 24.Nf3 Nxa5 25.Bb4 Nc6 26.Bd2 a6 27.Ra1 Qb6 28.Ng5 Qc5
29.Rae1 b5 30.Qf3 g6 31.Qd3 Nb4 32.Bxb4 Qxb4 33.R4e2 bxc4 34.bxc4 Rb8 35.
Ne4 Rec8 36.c5 a5 37.g3 a4 38.Ra1 Qb3 39.Rd2 Kg7 40.Qxb3 axb3 41.Rb1 Rb4 
42.Rbb2 Ne7 43.Rd3 Nc6 44.Rdxb3 Rxb3 45.Rxb3 Nxe5 46.Rb4 d3 47.Kg2 Kg8 48.
Rd4 f5 49.Ng5 Ra8 50.Nxe6 Ra2 51.c6 Nxc6 52.Rxd3 Ne5 53.Rd8+ 1/2-1/2

[Event "80th POL-ch"]
[Site "Warszawa POL"]
[Date "2023.04.15"]
[Round "4.2"]
[White "Kulon, Klaudia"]
[Black "Antolak, Julia"]
[Result "1-0"]
[WhiteElo "2317"]
[BlackElo "2245"]
[EventDate "2023.04.12"]
[PlyCount "55"]
1.e4 e5 2.Nf3 Nc6 3.d4 exd4 4.Nxd4 Qf6 5.Be3 Bc5 6.c3 Nge7 7.Bc4 O-O 8.O-O
Qg6 9.Kh1 Ne5 10.Be2 d5 11.f4 Qxe4 12.Bg1 Nc4 13.Nd2 Nxd2 14.Qxd2 Bxd4 15.
Bd3 Qe6 16.f5 Qd6 17.cxd4 Qf6 18.g4 h6 19.Be3 Nc6 20.g5 hxg5 21.Bxg5 Qxd4 
22.Rf4 Qc5 23.f6 g6 24.Rc1 Qd6 25.Bh6 Be6 26.Bg7 d4 27.Rh4 Bd5+ 28.Kg1 1-0

[Event "80th POL-ch"]
[Site "Warszawa POL"]
[Date "2023.04.15"]
[Round "4.3"]
[White "Zawadzka, Jolanta"]
[Black "Goraj, Barbara"]
[Result "1/2-1/2"]
[WhiteElo "2350"]
[BlackElo "2141"]
[EventDate "2023.04.12"]
[PlyCount "106"]
1.e4 c5 2.Nf3 Nc6 3.d4 cxd4 4.Nxd4 Nf6 5.Nc3 d6 6.Bg5 e6 7.Qd2 a6 8.O-O-O 
Bd7 9.f3 Be7 10.h4 h6 11.Be3 h5 12.Nxc6 Bxc6 13.Kb1 Qc7 14.Bg5 b5 15.Ne2 
Rb8 16.Nd4 Bd7 17.Bd3 a5 18.Qe2 b4 19.f4 e5 20.Nf5 Bxf5 21.exf5 O-O 22.
fxe5 dxe5 23.Bxf6 Bxf6 24.Be4 Rfd8 25.Qxh5 Qc4 26.Qf3 Rxd1+ 27.Rxd1 Rd8 
28.Rxd8+ Bxd8 29.g3 Qd4 30.c3 bxc3 31.bxc3 Qg1+ 32.Kc2 Be7 33.Bd3 a4 34.f6
gxf6 35.h5 Qh2+ 36.Kd1 a3 37.Qf5 Kf8 38.Be2 Kg7 39.Qg4+ Kf8 40.Kd2 Qh1 41.
Kc2 e4 42.Qf4 Qa1 43.Qb8+ Kg7 44.Bc4 e3 45.g4 e2 46.h6+ Kxh6 47.Qh8+ Kg5 
48.Qh5+ Kf4 49.Qh6+ Kg3 50.Qe3+ Kh4 51.Qf2+ Kg5 52.Qf5+ Kh4 53.Qf2+ Kg5 
1/2-1/2

[Event "80th POL-ch"]
[Site "Warszawa POL"]
[Date "2023.04.15"]
[Round "4.4"]
[White "Malcewska, Aleksandra"]
[Black "Socko, Monika"]
[Result "1-0"]
[WhiteElo "2410"]
[BlackElo "2440"]
[EventDate "2023.04.12"]
[PlyCount "69"]
1.e4 e6 2.d4 d5 3.Nd2 Be7 4.Ngf3 Nf6 5.Bd3 c5 6.c3 dxe4 7.Nxe4 cxd4 8.cxd4
Nxe4 9.Bxe4 Nd7 10.O-O Nf6 11.Bc2 O-O 12.Bg5 Bd7 13.Ne5 Nd5 14.Qd3 f5 15.
Bxe7 Qxe7 16.Bb3 Qd6 17.Rfe1 Rac8 18.Nxd7 Qxd7 19.Re5 g6 20.Qf3 Rcd8 21.
Rae1 Rf6 22.Bxd5 exd5 23.Re7 Qc6 24.Qh3 h5 25.Qg3 Rdf8 26.h4 R8f7 27.Qb8+ 
Kg7 28.Re8 Rd6 29.Rg8+ Kf6 30.Rd8 Rfd7 31.Rc8 Qb6 32.Rf8+ Kg7 33.Rg8+ Kf6 
34.Qf8+ Rf7 35.Qh6 1-0

[Event "80th POL-ch"]
[Site "Warszawa POL"]
[Date "2023.04.15"]
[Round "4.5"]
[White "Kiolbasa, Oliwia"]
[Black "Kaszlinska, Alina"]
[Result "1/2-1/2"]
[WhiteElo "2429"]
[BlackElo "2483"]
[EventDate "2023.04.12"]
[PlyCount "84"]
1.e4 e5 2.Nf3 Nc6 3.Bb5 Nf6 4.d3 Bc5 5.c3 O-O 6.O-O d6 7.h3 Ne7 8.d4 Bb6 
9.Re1 Ng6 10.Bf1 c6 11.Nbd2 Re8 12.Qc2 Bc7 13.a4 h6 14.b3 d5 15.exd5 Nxd5 
16.Ba3 Bd7 17.Rad1 Qc8 18.dxe5 Bf5 19.Bd3 Bxd3 20.Qxd3 Nxe5 21.Nxe5 Rxe5 
22.Rxe5 Bxe5 23.c4 Nf4 24.Qe4 Qe6 25.Qf3 Rd8 26.Ne4 Rxd1+ 27.Qxd1 Bb2 28.
Bxb2 Qxe4 29.Qg4 Qb1+ 30.Kh2 Qxb2 31.Qxf4 Qxb3 32.Qb8+ Kh7 33.Qxa7 Qxc4 
34.Qxb7 Qxa4 35.Qxf7 Qe4 36.f3 Qd3 37.f4 c5 38.f5 Qe4 39.g4 c4 40.f6 Qf4+ 
41.Kg2 Qxf6 42.Qxc4 Qe5 1/2-1/2

[Event "80th POL-ch"]
[Site "Warszawa POL"]
[Date "2023.04.16"]
[Round "5.1"]
[White "Goraj, Barbara"]
[Black "Kiolbasa, Oliwia"]
[Result "1-0"]
[WhiteElo "2141"]
[BlackElo "2429"]
[EventDate "2023.04.12"]
[PlyCount "95"]
1.c4 e6 2.Nc3 d5 3.e3 Nf6 4.Nf3 a6 5.b3 Bd6 6.Bb2 O-O 7.Be2 b6 8.cxd5 exd5
9.O-O Qe7 10.d4 Nbd7 11.Rc1 Bb7 12.Bd3 Ne4 13.Ne2 f5 14.Bb1 Rf6 15.Nf4 Rh6
16.g3 g5 17.Nd3 g4 18.Nfe5 Ng5 19.f4 gxf3 20.Nxf3 Qxe3+ 21.Kg2 Nxf3 22.
Qxf3 Qg5 23.Rce1 Qg7 24.Bc1 f4 25.Nxf4 Rf8 26.Qd3 Bxf4 27.Bxf4 Rhf6 28.
Bxc7 Bc8 29.Qe3 Rxf1 30.Rxf1 Rxf1 31.Kxf1 Nf8 32.Be5 Bh3+ 33.Ke1 Qe7 34.
Qf3 Qe6 35.Qf6 Qxf6 36.Bxf6 Kf7 37.Bd8 b5 38.Bd3 Ne6 39.Bb6 Ng5 40.a4 Bd7 
41.a5 h6 42.Ke2 Ke7 43.Ke3 Ne6 44.Bc5+ Kf6 45.Bd6 Be8 46.g4 Bg6 47.Be5+ 
Kf7 48.Bxb5 1-0

[Event "80th POL-ch"]
[Site "Warszawa POL"]
[Date "2023.04.16"]
[Round "5.2"]
[White "Socko, Monika"]
[Black "Kulon, Klaudia"]
[Result "1/2-1/2"]
[WhiteElo "2440"]
[BlackElo "2317"]
[EventDate "2023.04.12"]
[PlyCount "64"]
1.d4 Nf6 2.c4 e6 3.Nc3 d5 4.cxd5 exd5 5.Bg5 c6 6.e3 Be7 7.Bd3 O-O 8.Qc2 h6
9.Bh4 Ne8 10.Bxe7 Qxe7 11.Nf3 Nd6 12.O-O Re8 13.Rae1 Be6 14.Ne5 Nd7 15.f4 
Nf6 16.Kh1 Rac8 17.Rg1 c5 18.g4 Nfe4 19.f5 cxd4 20.exd4 Bd7 21.Bxe4 dxe4 
22.Qb3 Bc6 23.Re3 Qg5 24.Rge1 h5 25.Qb4 Rcd8 26.Nxc6 bxc6 27.Nxe4 Nxe4 28.
Rxe4 Rxe4 29.Rxe4 hxg4 30.Qe7 Qxe7 31.Rxe7 Rxd4 32.Rxa7 Rd1+ 1/2-1/2

[Event "80th POL-ch"]
[Site "Warszawa POL"]
[Date "2023.04.16"]
[Round "5.3"]
[White "Kaszlinska, Alina"]
[Black "Sliwicka, Alicja"]
[Result "1-0"]
[WhiteElo "2483"]
[BlackElo "2289"]
[EventDate "2023.04.12"]
[PlyCount "101"]
1.e4 e5 2.Nf3 Nc6 3.Bb5 Bc5 4.c3 Nf6 5.d4 exd4 6.e5 Nd5 7.O-O Be7 8.cxd4 
d6 9.exd6 Qxd6 10.Nbd2 O-O 11.Ne4 Qg6 12.Ng3 Bg4 13.h3 Bxf3 14.Qxf3 Rad8 
15.Nf5 Bb4 16.a3 Ba5 17.Be3 Nce7 18.Nxe7+ Nxe7 19.b4 Bb6 20.Qxb7 Qf5 21.
Be2 Nd5 22.Rac1 Rfe8 23.Bc4 Nf6 24.a4 a5 25.bxa5 Qxa5 26.Bb5 Re7 27.Rfd1 
Ne4 28.Qc6 h6 29.Qc2 Nd6 30.Bc6 Qh5 31.Rb1 Qa5 32.Qa2 Qa7 33.Qd5 Nb7 34.
Qf5 Nd6 35.Qg4 Kf8 36.Qh5 Kg8 37.Rb3 Qa5 38.Qxa5 Bxa5 39.d5 Re4 40.Rdb1 f5
41.Bc5 Kf7 42.Bb4 Nc4 43.d6 Rd4 44.Bxa5 Nxa5 45.dxc7 Rc8 46.Rc3 Ke7 47.Bb5
Kd6 48.Rbc1 Nb7 49.Ba6 Rb4 50.a5 f4 51.Rc6+ 1-0

[Event "80th POL-ch"]
[Site "Warszawa POL"]
[Date "2023.04.16"]
[Round "5.4"]
[White "Antolak, Julia"]
[Black "Zawadzka, Jolanta"]
[Result "1/2-1/2"]
[WhiteElo "2245"]
[BlackElo "2350"]
[EventDate "2023.04.12"]
[PlyCount "73"]
1.e4 Nc6 2.Nf3 d6 3.d4 Nf6 4.Nc3 g6 5.h3 Bg7 6.Be2 O-O 7.Be3 e5 8.Qd2 exd4
9.Nxd4 Nxd4 10.Bxd4 Re8 11.f3 a6 12.O-O-O b5 13.g4 Bb7 14.g5 Nh5 15.Bxg7 
Kxg7 16.Rhe1 b4 17.Nd5 Bxd5 18.exd5 Qd7 19.f4 Qxh3 20.Bxh5 Qxh5 21.Qxb4 
Qf3 22.Kb1 Kg8 23.Qc4 Re7 24.a3 Rae8 25.Rf1 Qe2 26.Qc3 Re4 27.Qxc7 Rc4 28.
Qxd6 Rxc2 29.Qb6 Rd2 30.Rde1 Qd3+ 31.Ka1 Rxe1+ 32.Rxe1 Rd1+ 33.Rxd1 Qxd1+ 
34.Ka2 Qxd5+ 35.Ka1 Qd1+ 36.Ka2 Qd5+ 37.Ka1 1/2-1/2

[Event "80th POL-ch"]
[Site "Warszawa POL"]
[Date "2023.04.16"]
[Round "5.5"]
[White "Rudzinska, Michalina"]
[Black "Malcewska, Aleksandra"]
[Result "1-0"]
[WhiteElo "2244"]
[BlackElo "2410"]
[EventDate "2023.04.12"]
[PlyCount "73"]
1.e4 c5 2.Nf3 Nc6 3.d4 cxd4 4.Nxd4 Nf6 5.Nc3 e6 6.a3 Be7 7.Nxc6 bxc6 8.e5 
Nd5 9.Qg4 g6 10.Qg3 Nxc3 11.Qxc3 f5 12.Bh6 Qb6 13.Bc4 Rb8 14.Bb3 Qc5 15.
Qg3 Ba6 16.O-O-O Bc4 17.Bxc4 Qxc4 18.Kb1 Rb7 19.Rd3 Kf7 20.Rhd1 Rhb8 21.
Bc1 Ke8 22.Qe3 Qb5 23.h4 Qa4 24.g3 c5 25.Rc3 Qa5 26.Ka2 Qc7 27.h5 g5 28.g4
Qc6 29.f4 Rb5 30.fxg5 Qb7 31.b3 Qg2 32.Qd3 Qxg4 33.Qxd7+ Kf7 34.Rd6 f4 35.
Rc4 Qe2 36.Qxe6+ Ke8 37.Rd7 1-0

[Event "80th POL-ch"]
[Site "Warszawa POL"]
[Date "2023.04.17"]
[Round "6.1"]
[White "Malcewska, Aleksandra"]
[Black "Kaszlinska, Alina"]
[Result "1/2-1/2"]
[WhiteElo "2410"]
[BlackElo "2483"]
[EventDate "2023.04.12"]
[PlyCount "68"]
1.c4 e5 2.Nc3 Bb4 3.Qb3 a5 4.a3 Bxc3 5.Qxc3 d6 6.b3 c5 7.f4 Nc6 8.Nf3 f6 
9.e3 Nge7 10.Be2 O-O 11.O-O exf4 12.exf4 Nf5 13.Bb2 Nfd4 14.Rae1 Nxe2+ 15.
Rxe2 d5 16.d4 cxd4 17.Nxd4 Nxd4 18.Qxd4 dxc4 19.Qxc4+ Kh8 20.Rfe1 Bd7 21.
Re7 Bc6 22.h4 Qd5 23.Qxd5 Bxd5 24.Rc7 Rac8 25.Ree7 Rxc7 26.Rxc7 Kg8 27.g4 
Bc6 28.g5 Rf7 29.Rc8+ Rf8 30.Rxf8+ Kxf8 31.gxf6 gxf6 32.Bxf6 Bd5 33.b4 
axb4 34.axb4 Kf7 1/2-1/2

[Event "80th POL-ch"]
[Site "Warszawa POL"]
[Date "2023.04.17"]
[Round "6.2"]
[White "Kiolbasa, Oliwia"]
[Black "Sliwicka, Alicja"]
[Result "1-0"]
[WhiteElo "2429"]
[BlackElo "2289"]
[EventDate "2023.04.12"]
[PlyCount "95"]
1.e4 e5 2.Nf3 Nc6 3.Bb5 a6 4.Ba4 Nf6 5.O-O Be7 6.Re1 b5 7.Bb3 O-O 8.a4 Bb7
9.d3 Nd4 10.Nxd4 exd4 11.e5 Ne8 12.c3 c5 13.cxd4 cxd4 14.Qg4 Qa5 15.Bd2 
Bb4 16.Rd1 Bxd2 17.Nxd2 bxa4 18.Qxd7 Qb6 19.Rxa4 Rd8 20.Qe7 Rb8 21.Rb4 Qc6
22.Ne4 Nc7 23.Rxd4 Ne6 24.Bxe6 Qxe6 25.Qxe6 fxe6 26.Nc5 Rfe8 27.Nxb7 Rxb7 
28.Rd2 Rb5 29.f4 g5 30.g3 Kf7 31.Rd6 a5 32.d4 gxf4 33.gxf4 Rg8+ 34.Kf1 Rg4
35.Rf2 Ke7 36.d5 Rxd5 37.Rxd5 exd5 38.f5 Kf7 39.e6+ Kf6 40.Ke2 a4 41.Kd3 
h5 42.Re2 Rg7 43.Kd4 h4 44.h3 Ke7 45.Ke5 Rg3 46.f6+ Kd8 47.Kd6 Rg6 48.f7 
1-0